| 000 | 00374nam a22001577a 4500 | ||
|---|---|---|---|
| 020 | _a 978-0538497817 | ||
| 040 | _cNUST | ||
| 082 |
_a515 _bANT |
||
| 100 |
_aAnton Howard _98661 |
||
| 110 |
_aBivens Irl, Davis Stephen _9113900 |
||
| 245 | _aCalculus | ||
| 250 | _aSeventh Edition | ||
| 260 |
_aUSA: _b Cengage Learning; _c2007. |
||
| 650 | _aCalculus | ||
| 942 |
_2ddc _cBK |
||
| 999 |
_c610371 _d610371 |
||